Most Streamed Joy Division / New Order Songs - Statistics

General Stats
  • This quiz has been taken 72 times
  • The average score is 9 of 20
Answer Stats
Group Streams Song % Correct
Joy Division 438,019,847 Love Will Tear Us Apart
93%
New Order 582,792,498 Blue Monday
86%
Joy Division 57,592,004 Transmission
69%
Joy Division 205,008,865 Disorder
64%
Joy Division 70,904,836 She's Lost Control
62%
New Order 137,489,766 Age of Consent
53%
Joy Division 58,838,099 Atmosphere
53%
New Order 49,559,552 True Faith
50%
New Order 158,544,321 Bizarre Love Triangle
48%
Joy Division 60,612,862 Shadowplay
48%
New Order 52,029,244 Temptation
41%
Joy Division 24,905,860 Isolation
36%
New Order 37,255,819 Ceremony
34%
Joy Division 28,258,718 New Dawn Fades
34%
New Order 52,280,018 Regret
31%
New Order 24,275,976 Crystal
21%
New Order 27,046,305 Dreams Never End
21%
New Order 23,572,187 The Perfect Kiss
21%
New Order 23,531,471 Your Silent Face
16%
New Order 25,089,376 Elegia
5%
No matching quizzes found
Score Distribution
Percent of People with Each Score
Percentile by Number Answered
Your Score History
You have not taken this quiz